Nature without borders / (Record no. 90081)

MARC details
000 -LEADER
fixed length control field 00779nam a22002297a 4500
005 - DATE AND TIME OF LATEST TRANSACTION
control field 20141201112425.0
010 ## - LCCN (DPL NO)
LC control number ENG-111246
020 ## - INTERNATIONAL STANDARD BOOK NUMBER
International Standard Book Number 9788125056140
Terms of availability 595.00
035 ## - SYSTEM CONTROL NUMBER
System control number EN-94778
037 ## - SOURCE OF ACQUISITION
Source of stock number/acquisition DBAD/PUB
082 ## - DEWEY DECIMAL CLASSIFICATION NUMBER
Classification number 333.95160954
245 ## - TITLE STATEMENT
Title Nature without borders /
Statement of responsibility, etc edited by Mahesh Rangarajan, M. D. Madhusudan [and] Ghazala Shahabuddin
260 ## - PUBLICATION, DISTRIBUTION, ETC. (IMPRINT)
Place of publication, distribution, etc New Delhi
Name of publisher, distributor, etc Orient Blackswan
Date of publication, distribution, etc 2014
270 ## - ADDRESS
Address 1/24, Asaf Ali Road
City New Delhi
Postal code 110002
300 ## - PHYSICAL DESCRIPTION
Extent xii, 270p.
Dimensions 23cm(Hb)
500 ## - GENERAL NOTE
General note Includes bibliographical references (pages 215-254) and index.
650 ## - SUBJECT ADDED ENTRY--TOPICAL TERM
Topical term or geographic name as entry element Nature conservation
Geographic subdivision India.
700 ## - ADDED ENTRY--PERSONAL NAME
Personal name Rangarajan, Mahesh
700 ## - ADDED ENTRY--PERSONAL NAME
Personal name Madhusudan, M. D.
700 ## - ADDED ENTRY--PERSONAL NAME
Personal name Ghazala Shahabuddin
942 ## - ADDED ENTRY ELEMENTS (KOHA)
Source of classification or shelving scheme Dewey Decimal Classification
Item type English Books
Call number suffix NAT
Classification part 333.95160954
Holdings
Withdrawn status Lost status Not for loan Collection code Home library Current library Date acquired Source of acquisition Cost, normal purchase price Full call number Barcode Copy number Cost, replacement price Koha item type
    Not For Loan Non-fiction D.B.Act.Division D.B.Act.Division 17/11/2014 DBAD/PUB 595.00 333.95160954 NAT EN-94778 1 595.00 English Books

© Delhi Public Library
Hit Counter
free hit counter